Dictámen sobre los derechos que asisten al Banco Hipotecario de España contra el Estado (Record no. 42466)

MARC details
000 -LEADER
campo de control de longitud fija 00870nam a2200181 i 4500
001 - NÚMERO DE CONTROL
campo de control 42466
003 - IDENTIFICADOR DE NÚMERO DE CONTROL
campo de control ES-MaACL
005 - FECHA Y HORA DE LA ÚLTIMA TRANSACCIÓN
campo de control 20260113174102.0
007 - CAMPO FIJO DE DESCRIPCIÓN FÍSICA--INFORMACIÓN GENERAL
campo de control de longitud fija t|
008 - DATOS DE LONGITUD FIJA--INFORMACIÓN GENERAL
campo de control de longitud fija 030331s1874 sp ||||1| spa d
245 00 - MENCIÓN DEL TÍTULO
Título Dictámen sobre los derechos que asisten al Banco Hipotecario de España contra el Estado
Resto del título : por haberle éste privado de los beneficios que le correspondían según la ley de su creación, y recursos que ha de ejercitar para hacerlos efectivos /
Mención de responsabilidad, etc. emitido por Manuel Cortina, Cándido Nocedal, Nicolás María Rivero, Manuel Silvela, Cristóbal Martín de Herrera, Eugenio Montero Ríos.
260 ## - PUBLICACIÓN, DISTRIBUCIÓN, ETC.
Lugar de publicación, distribución, etc. Madrid :
Nombre del editor, distribuidor, etc. [s.n.],
Fecha de publicación, distribución, etc. 1874 (
Fabricante R. Labajos)
300 ## - DESCRIPCIÓN FÍSICA
Extensión 45 p. ;
Dimensiones 27 cm.
700 1# - ENTRADA AGREGADA--NOMBRE PERSONAL
Nombre de persona Cortina y Arenzana, Manuel,
Fechas asociadas al nombre 1802-1879
9 (RLIN) 40945
710 0# - ENTRADA AGREGADA--NOMBRE DE ENTIDAD CORPORATIVA
Nombre de entidad corporativa o nombre de jurisdicción como elemento de entrada Banco Hipotecario de España.
9 (RLIN) 2126
852 ## - LOCALIZACIÓN
Ubicación ES-MaACL
Número de control de estantería T-170-F-10
Holdings
Estatus retirado Estado de pérdida Estado de daño No para préstamo Colección Biblioteca de origen Biblioteca actual Ubicación en estantería Fecha de adquisición Fuente de adquisición Total de préstamos Signatura topográfica completa Código de barras Visto por última vez Precio de reemplazo Tipo de ítem Koha
        Colección de folletos Biblioteca del Ateneo de Madrid Biblioteca del Ateneo de Madrid Depósito folletos 17/01/2008     T-170-F-10 1044696 23/02/2023 23/02/2023 Folleto